| 000 | 00554nam a22001817a 4500 | ||
|---|---|---|---|
| 999 |
_c7809 _d7809 |
||
| 001 | 3463 | ||
| 003 | BD-DhUAP | ||
| 005 | 20210201160130.0 | ||
| 008 | 201228q bg ||||| |||| 00| 0 eng d | ||
| 040 |
_aBD-DhUAP _bEng _cBD-DhUAP _dBD-DhUAP |
||
| 082 |
_223 _a004 DIP |
||
| 245 | _aDiploma-in-engineering syllabus of computer technology. | ||
| 260 |
_aDhaka : _bBangladesh technical education board, _c[...?]. |
||
| 300 |
_avarious pages ; _c24 cm. |
||
| 650 | _aEngineering, mechanics. | ||
| 710 | _aBangladesh Technical Education Board. | ||
| 942 |
_2ddc _cBK |
||